00282nam a2200109Ia 4500008004100000041001200041082001100053100002000064245007600084260000600160650000600166221030s9999 xx 000 0 und d aEnglish a105.23 aM. M. Radmanesh 0aRadio Frequency & Microwave Electronics Illustratedcby M. M. Radmanesh c0 aB